[Event "COL-ch sf"]
[Site "Pereira"]
[Date "2024.03.31"]
[Round "10"]
[White "Negron Lizarazo, Juan Sebastian"]
[Black "Bejarano Urrego, Danny Andres"]
[Result "1-0"]
[WhiteElo "1836"]
[BlackElo "1971"]
[PlyCount "60"]
[EventDate "2024.03.26"]
[EventType "swiss"]
[EventRounds "11"]
[EventCountry "COL"]
[SourceTitle "CB14_2024"]
[SourceDate "2024.04.01"]
[SourceVersion "1"]
[SourceVersionDate "2024.04.01"]
[SourceQuality "1"]

1. d4 Nf6 2. Nf3 e6 3. e3 b6 4. Bd3 Bb7 5. 0-0 c5 6. c4 d5 7. Nc3 Nbd7 8. cxd5 exd5 9. b3 Be7 10. Ne5 0-0 11. Qf3 Qc7 12. Nxd7 Qxd7 13. Bf5 Qc6 14. Bb2 g6 15. Bd3 Ne4 16. Bb5 Qc8 17. Nxe4 dxe4 18. Qf4 a6 19. Bc4 Qb8 20. Qh6 Bf6 21. Rfd1 Bg7 22. Qh4 b5 23. Bf1 Rd8 24. Rac1 Rd5 25. Qe7 Ra7 26. Rxc5 Bc6 27. Qh4 g5 28. Qh5 Qd6 29. Rxd5 Qxd5 30. Rc1 Bf8 1-0

[Event "COL-ch sf"]
[Site "Pereira"]
[Date "2024.03.28"]
[Round "5"]
[White "Bermudez Rojas, Alejandro"]
[Black "Negron Lizarazo, Juan Sebastian"]
[Result "0-1"]
[WhiteElo "1551"]
[BlackElo "1836"]
[PlyCount "106"]
[EventDate "2024.03.26"]
[EventType "swiss"]
[EventRounds "11"]
[EventCountry "COL"]
[SourceTitle "CB14_2024"]
[SourceDate "2024.04.01"]
[SourceVersion "1"]
[SourceVersionDate "2024.04.01"]
[SourceQuality "1"]

1. e4 d5 2. exd5 Qxd5 3. Nc3 Qa5 4. d4 Nf6 5. Bd2 c6 6. Bc4 Bf5 7. Nf3 e6 8. 0-0 Qc7 9. Re1 Be7 10. h3 0-0 11. Nh4 Bg6 12. Nxg6 hxg6 13. Qf3 Nd5 14. Ne4 Nd7 15. Bg5 N7f6 16. Rad1 Rfe8 17. Bh4 Rad8 18. Bg3 Qb6 19. Bb3 Nxe4 20. Qxe4 Nf6 21. Qe3 c5 22. dxc5 Bxc5 23. Qe2 Rxd1 24. Rxd1 Rd8 25. Rd3 Nh5 26. Bh2 Rxd3 27. cxd3 Bd4 28. g4 Nf6 29. Bg3 Qc5 30. Kg2 Qc6+ 31. Kh2 Nd7 32. Bf4 Qc5 33. Be3 Qe5+ 34. Kg2 b6 35. Qd2 Bxb2 36. d4 Qe4+ 37. f3 Qb1 38. Bc4 Ba3 39. Bb3 Nf6 40. Qc3 Qb2+ 41. Qxb2 Bxb2 42. Kg3 Kf8 43. Kf4 Ke7 44. Ke5 Ba3 45. d5 Bd6+ 46. Kd4 Bc5+ 47. Kd3 Bxe3 48. Kxe3 Nxd5+ 49. Kd4 Kd6 50. Bc4 e5+ 51. Ke4 f5+ 52. gxf5 gxf5+ 53. Kd3 Kc5 0-1

[Event "COL-ch sf"]
[Site "Pereira"]
[Date "2024.03.26"]
[Round "2"]
[White "Negron Lizarazo, Juan Sebastian"]
[Black "Galeano Reyes, Juan Esteban"]
[Result "1-0"]
[WhiteElo "1836"]
[BlackElo "1555"]
[PlyCount "84"]
[EventDate "2024.03.26"]
[EventType "swiss"]
[EventRounds "11"]
[EventCountry "COL"]
[SourceTitle "CB14_2024"]
[SourceDate "2024.04.01"]
[SourceVersion "1"]
[SourceVersionDate "2024.04.01"]
[SourceQuality "1"]

1. e4 c5 2. Nc3 Nc6 3. g3 g6 4. Bg2 Bg7 5. d3 b6 6. Be3 Bb7 7. Qd2 e6 8. h3 Nge7 9. Bh6 0-0 10. h4 Kh8 11. Bxg7+ Kxg7 12. h5 Rh8 13. Nf3 d5 14. 0-0-0 dxe4 15. Nxe4 Nd4 16. hxg6 Nxg6 17. Nxd4 Qxd4 18. c3 Qd8 19. Qh6+ Kg8 20. d4 Qe7 21. dxc5 bxc5 22. Rd7 Bxe4 23. Rxe7 Bxg2 24. Rc7 Bxh1 25. Qxh1 Kg7 26. Qb7 Rhf8 27. f4 Rab8 28. Qxa7 Ra8 29. Rxf7+ Rxf7 30. Qxa8 e5 31. fxe5 Nxe5 32. Qd5 Re7 33. Kc2 Nd7 34. a4 Kf8 35. a5 Ke8 36. a6 Re2+ 37. Kb3 Re5 38. Qxe5+ Nxe5 39. a7 c4+ 40. Kc2 Kf7 41. a8Q Nd3 42. Qd5+ Kf6 1-0

[Event "Titled Tuesday intern op 13th Feb Late"]
[Site "Chess.com INT"]
[Date "2024.02.13"]
[Round "5"]
[White "Negron Lizarazo, Juan Sebastian"]
[Black "Aranda, Juan Manuel"]
[Result "1-0"]
[WhiteElo "1727"]
[BlackElo "2102"]
[PlyCount "43"]
[EventDate "2024.02.13"]
[EventType "swiss (blitz)"]
[EventRounds "11"]
[EventCountry "USA"]
[SourceTitle "CB08_2024"]
[SourceDate "2024.02.21"]
[SourceVersion "1"]
[SourceVersionDate "2024.02.21"]
[SourceQuality "1"]

1. e4 d6 2. d4 Nf6 3. Nc3 g6 4. Be3 c6 5. f3 Qa5 6. Qd2 b5 7. Bd3 Bg7 8. Nge2 Nbd7 9. 0-0 Nb6 10. Bh6 Bxh6 11. Qxh6 b4 12. Nd1 Ba6 13. Nf2 Bxd3 14. Nxd3 Rb8 15. e5 dxe5 16. Nxe5 Nbd7 17. Nxc6 Qb5 18. Nxb8 Nxb8 19. Ng3 Nc6 20. c3 a5 21. Rfe1 Qd3 22. Qg7 1-0

[Event "Titled Tuesday intern op 13th Feb Late"]
[Site "Chess.com INT"]
[Date "2024.02.13"]
[Round "4"]
[White "Serra Canals, Oriol"]
[Black "Negron Lizarazo, Juan Sebastian"]
[Result "1-0"]
[WhiteElo "2155"]
[BlackElo "1727"]
[PlyCount "40"]
[EventDate "2024.02.13"]
[EventType "swiss (blitz)"]
[EventRounds "11"]
[EventCountry "USA"]
[SourceTitle "CB08_2024"]
[SourceDate "2024.02.21"]
[SourceVersion "1"]
[SourceVersionDate "2024.02.21"]
[SourceQuality "1"]

1. d4 Nf6 2. Nf3 g6 3. g3 Bg7 4. Bg2 d5 5. 0-0 0-0 6. Nbd2 b6 7. c4 c6 8. cxd5 cxd5 9. Nb3 Bb7 10. a4 Nbd7 11. a5 Ne4 12. a6 Bc6 13. Bf4 f6 14. Qc2 e5 15. Qxc6 exf4 16. Qxd5+ Kh8 17. Qxe4 f5 18. Qd3 fxg3 19. hxg3 Nf6 20. Ne5 Ng4 1-0

[Event "Titled Tuesday intern op 16th Jan Late"]
[Site "Chess.com INT"]
[Date "2024.01.16"]
[Round "9"]
[White "Negron Lizarazo, Juan Sebastian"]
[Black "Mirza, Diana"]
[Result "1-0"]
[WhiteElo "1727"]
[BlackElo "1900"]
[PlyCount "39"]
[EventDate "2024.01.16"]
[EventType "swiss (blitz)"]
[EventRounds "11"]
[EventCountry "USA"]
[SourceTitle "CB04_2024"]
[SourceDate "2023.10.16"]
[SourceVersion "1"]
[SourceVersionDate "2023.10.16"]
[SourceQuality "1"]

1. e4 c5 2. Nf3 e6 3. d3 Nc6 4. Nc3 Nf6 5. g3 Be7 6. Bg2 d5 7. 0-0 Kf8 8. Bg5 d4 9. Ne2 h6 10. Bxf6 Bxf6 11. Nd2 e5 12. f4 exf4 13. Nxf4 g5 14. Nd5 Be5 15. Nc4 Kg7 16. Qh5 Be6 17. Nxe5 Nxe5 18. Nf6 Bg4 19. Nxg4 Nxg4 20. Qxf7# 1-0

[Event "Titled Tuesday intern op 16th Jan Late"]
[Site "Chess.com INT"]
[Date "2024.01.16"]
[Round "8"]
[White "Pein, Jonathan"]
[Black "Negron Lizarazo, Juan Sebastian"]
[Result "1-0"]
[WhiteElo "2273"]
[BlackElo "1727"]
[PlyCount "133"]
[EventDate "2024.01.16"]
[EventType "swiss (blitz)"]
[EventRounds "11"]
[EventCountry "USA"]
[SourceTitle "CB04_2024"]
[SourceDate "2023.10.16"]
[SourceVersion "1"]
[SourceVersionDate "2023.10.16"]
[SourceQuality "1"]

1. e4 c5 2. Nf3 d6 3. Bb5+ Bd7 4. a4 a6 5. Bxd7+ Nxd7 6. Nc3 g6 7. d4 cxd4 8. Qxd4 Ngf6 9. Bg5 Bg7 10. 0-0 0-0 11. Qd2 Nc5 12. Rfe1 Qb6 13. Bxf6 Bxf6 14. Nd5 Qxb2 15. Rab1 Qa3 16. Nxf6+ exf6 17. Qxd6 Rad8 18. Qxf6 Qxa4 19. h4 Qxc2 20. h5 Nxe4 21. Qh4 Nd2 22. Nxd2 Rxd2 23. h6 Qc6 24. Rxb7 Qxb7 25. Qf6 Qb2 26. Re5 Qxe5 27. Qxe5 f6 28. Qe6+ Rf7 29. Qc8+ Rf8 30. Qb7 Rf7 31. Qa8+ Rf8 32. Qxa6 Rd7 33. Qe6+ Rdf7 34. g4 g5 35. Kg2 Ra8 36. Kg3 Ra3+ 37. f3 Ra8 38. Qd5 Re8 39. f4 gxf4+ 40. Kxf4 Kf8 41. Qd6+ Kg8 42. Kf5 Re5+ 43. Kf4 Re8 44. Qd5 Re5 45. Qa8+ Rf8 46. Qa2+ Kh8 47. Qa6 Rg5 48. Qe6 Rg6 49. Kf5 Rxh6 50. Qe7 Rg8 51. Qf7 Rhg6 52. Qe6 Rg5+ 53. Ke4 Rxg4+ 54. Kf3 R4g6 55. Kf4 h6 56. Qf7 R8g7 57. Qe8+ Kh7 58. Qe4 h5 59. Kf5 Rg5+ 60. Kxf6+ Kh6 61. Qf4 R7g6+ 62. Kf7 h4 63. Qxh4+ Rh5 64. Qe4 Rg7+ 65. Kf6 Rgg5 66. Qf4 Rh1 67. Qxg5+ 1-0

[Event "Titled Tuesday intern op 16th Jan Late"]
[Site "Chess.com INT"]
[Date "2024.01.16"]
[Round "1"]
[White "Vlassov, Nikolai"]
[Black "Negron Lizarazo, Juan Sebastian"]
[Result "1-0"]
[WhiteElo "2299"]
[BlackElo "1727"]
[PlyCount "41"]
[EventDate "2024.01.16"]
[EventType "swiss (blitz)"]
[EventRounds "11"]
[EventCountry "USA"]
[SourceTitle "CB04_2024"]
[SourceDate "2023.10.16"]
[SourceVersion "1"]
[SourceVersionDate "2023.10.16"]
[SourceQuality "1"]

1. e4 c5 2. c3 Nf6 3. e5 Nd5 4. d4 cxd4 5. cxd4 Nc6 6. Nc3 Nb6 7. f4 d6 8. Nf3 g6 9. d5 Nb8 10. Bb5+ Bd7 11. e6 fxe6 12. dxe6 Bxb5 13. Nxb5 Bg7 14. f5 gxf5 15. Ng5 0-0 16. Qh5 h6 17. Nf7 Qe8 18. Bxh6 Bxh6 19. Qxh6 Rxf7 20. Qg6+ Kf8 21. Nc7 1-0

[Event "Titled Tuesday intern op 19th Dec Early"]
[Site "Chess.com INT"]
[Date "2023.12.19"]
[Round "10"]
[White "Negron Lizarazo, Juan Sebastian"]
[Black "Shadhursshaan, R."]
[Result "0-1"]
[WhiteElo "1791"]
[BlackElo "2058"]
[PlyCount "40"]
[EventDate "2023.12.19"]
[EventType "swiss (blitz)"]
[EventRounds "11"]
[EventCountry "USA"]
[SourceTitle "CB52_2023"]
[SourceDate "2023.12.27"]
[SourceVersion "1"]
[SourceVersionDate "2023.12.27"]
[SourceQuality "1"]

1. e4 c6 2. d4 d5 3. e5 c5 4. c3 Nc6 5. Nf3 Bg4 6. Bb5 a6 7. Bxc6+ bxc6 8. 0-0 cxd4 9. cxd4 e6 10. b3 Ne7 11. Bb2 Ng6 12. Nbd2 Bb4 13. Qc2 Nf4 14. Qxc6+ Kf8 15. Qa4 Bxd2 16. Nxd2 Qg5 17. Qc6 Rd8 18. Qc2 Bf3 19. Ba3+ Kg8 20. g3 Ne2# 0-1

[Event "Titled Tuesday intern op 12th Dec Early"]
[Site "Chess.com INT"]
[Date "2023.12.12"]
[Round "3"]
[White "Donskov, Anatoly"]
[Black "Negron Lizarazo, Juan Sebastian"]
[Result "1-0"]
[WhiteElo "2279"]
[BlackElo "1791"]
[PlyCount "55"]
[EventDate "2023.12.12"]
[EventType "swiss (blitz)"]
[EventRounds "11"]
[EventCountry "USA"]
[SourceTitle "CB51_2023"]
[SourceDate "2023.12.20"]
[SourceVersion "1"]
[SourceVersionDate "2023.12.20"]
[SourceQuality "1"]

1. e4 c5 2. Nf3 d6 3. d4 cxd4 4. Nxd4 Nf6 5. Nc3 a6 6. f4 e6 7. Qf3 Be7 8. Be3 Qc7 9. g4 h6 10. h4 Bd7 11. g5 Ng8 12. g6 fxg6 13. Qg3 Bf6 14. Qxg6+ Kf8 15. 0-0-0 Ne7 16. Qg3 Nbc6 17. Bh3 Nxd4 18. Bxd4 Kf7 19. Rhg1 Rag8 20. e5 dxe5 21. fxe5 b5 22. Ne4 Bc6 23. Nd6+ Kf8 24. exf6 gxf6 25. Qf4 Nd5 26. Qf2 e5 27. Bc5 Qe7 28. Ne4 1-0

[Event "Titled Tuesday intern op 12th Dec Early"]
[Site "Chess.com INT"]
[Date "2023.12.12"]
[Round "10"]
[White "Koridze, Lile"]
[Black "Negron Lizarazo, Juan Sebastian"]
[Result "1-0"]
[WhiteElo "2158"]
[BlackElo "1791"]
[PlyCount "75"]
[EventDate "2023.12.12"]
[EventType "swiss (blitz)"]
[EventRounds "11"]
[EventCountry "USA"]
[SourceTitle "CB51_2023"]
[SourceDate "2023.12.20"]
[SourceVersion "1"]
[SourceVersionDate "2023.12.20"]
[SourceQuality "1"]

1. d4 Nf6 2. c4 g6 3. Nc3 d5 4. cxd5 Nxd5 5. Bd2 Bg7 6. e4 Nxc3 7. Bxc3 0-0 8. Qd2 c5 9. d5 a6 10. a4 Qc7 11. Nf3 Bg4 12. Be2 Nd7 13. Bxg7 Kxg7 14. Qc3+ Kg8 15. 0-0 Bxf3 16. Bxf3 b5 17. axb5 axb5 18. Rac1 Rfc8 19. Rfe1 b4 20. Qc2 c4 21. Qd2 c3 22. bxc3 bxc3 23. Qe3 Ne5 24. Be2 Ra2 25. Qg3 f6 26. h4 Qa5 27. h5 Rb8 28. f4 Qc5+ 29. Kh1 c2 30. fxe5 Rab2 31. hxg6 R8b3 32. gxh7+ Kxh7 33. Qh2+ Kg7 34. Bg4 Rb1 35. Bf5 Rxc1 36. Qh7+ Kf8 37. Qh8+ Kf7 38. e6# 1-0

[Event "Titled Tuesday intern op 12th Dec Early"]
[Site "Chess.com INT"]
[Date "2023.12.12"]
[Round "9"]
[White "Negron Lizarazo, Juan Sebastian"]
[Black "Balla, Tamas Kristof"]
[Result "0-1"]
[WhiteElo "1791"]
[BlackElo "2277"]
[PlyCount "144"]
[EventDate "2023.12.12"]
[EventType "swiss (blitz)"]
[EventRounds "11"]
[EventCountry "USA"]
[SourceTitle "CB51_2023"]
[SourceDate "2023.12.20"]
[SourceVersion "1"]
[SourceVersionDate "2023.12.20"]
[SourceQuality "1"]

1. e4 c5 2. Nc3 Nc6 3. g3 g6 4. Bg2 Bg7 5. d3 d6 6. Be3 e6 7. Qd2 Nf6 8. Bh6 Bxh6 9. Qxh6 Ng4 10. Qf4 e5 11. Qf3 Nd4 12. Qd1 Nf6 13. Nge2 Be6 14. Nxd4 cxd4 15. Ne2 Rc8 16. h3 Qd7 17. f4 Nh5 18. g4 Nxf4 19. Nxf4 exf4 20. 0-0 d5 21. Rxf4 dxe4 22. Bxe4 0-0 23. Qd2 Qc7 24. Rc1 Bxa2 25. Bg2 Be6 26. Rxd4 Qb6 27. c3 Rcd8 28. Qf2 Rxd4 29. cxd4 Rd8 30. d5 Qxf2+ 31. Kxf2 Bxd5 32. Bxd5 Rxd5 33. Rc7 Rb5 34. Rc8+ Kg7 35. Rc2 a5 36. Ke3 a4 37. d4 Rb3+ 38. Ke4 Rxh3 39. d5 Kf8 40. Rc8+ Ke7 41. Rc7+ Kd6 42. Rxb7 h5 43. Rxf7 Rh4 44. Rf6+ Kc5 45. Rc6+ Kb5 46. Rxg6 Rxg4+ 47. Rxg4 hxg4 48. Ke5 g3 49. d6 Kc6 50. Ke6 g2 51. d7 g1Q 52. d8Q Qe1+ 53. Kf7 Qf2+ 54. Ke8 Qe3+ 55. Kf7 Qb3+ 56. Kf6 Qxb2+ 57. Ke6 Qe2+ 58. Kf5 Qf3+ 59. Ke5 Qh5+ 60. Ke4 Qg6+ 61. Ke3 Qe6+ 62. Kd2 Qa2+ 63. Kc3 Qb3+ 64. Kd2 Kc5 65. Qc8+ Kb4 66. Qb8+ Ka3 67. Qd6+ Ka2 68. Kc1 Qb2+ 69. Kd1 a3 70. Qd5+ Qb3+ 71. Qxb3+ Kxb3 72. Kc1 a2 0-1

[Event "Velez op 10th"]
[Site "Velez Santander"]
[Date "2023.11.03"]
[Round "5"]
[White "Negron Lizarazo, Juan Sebastian"]
[Black "Licht, David Santiago"]
[Result "1-0"]
[WhiteElo "1795"]
[BlackElo "1334"]
[PlyCount "103"]
[EventDate "2023.11.01"]
[EventType "swiss"]
[EventRounds "10"]
[EventCountry "COL"]
[SourceTitle "Mega2024 Update 01"]
[Source "Chessbase"]
[SourceDate "2023.11.12"]
[SourceVersion "1"]
[SourceVersionDate "2023.11.12"]
[SourceQuality "1"]

1. e4 e5 2. Nf3 Nc6 3. d4 exd4 4. c3 d5 5. exd5 Qxd5 6. cxd4 Bg4 7. Be2 Nxd4 8. Qxd4 Bxf3 9. Qe3+ Be4 10. f3 Bc5 11. Qxe4+ Qxe4 12. fxe4 0-0-0 13. Nc3 Nf6 14. Bd2 Rhe8 15. 0-0-0 Bd4 16. Bf3 h6 17. Rhe1 g5 18. h3 a6 19. Nd5 Nxd5 20. exd5 Rxe1 21. Rxe1 f5 22. Bc3 Bxc3 23. bxc3 h5 24. Re5 g4 25. Bd1 Rf8 26. h4 Kd7 27. Bc2 f4 28. Rxh5 f3 29. gxf3 gxf3 30. Rf5 Rxf5 31. Bxf5+ Ke7 32. Kd2 Kf6 33. Bg4 b5 34. Bxf3 Kg6 35. Ke3 a5 36. Kd4 b4 37. cxb4 axb4 38. Kc4 Kf5 39. Kxb4 Ke5 40. a4 Kd6 41. h5 c5+ 42. dxc6 Ke5 43. c7 Kf4 44. c8Q Kxf3 45. Qc4 Ke3 46. h6 Kf2 47. h7 Ke3 48. h8R Kf3 49. Rh3+ Kf2 50. Qc2+ Kg1 51. Ra3 Kh1 52. Ra1# 1-0

[Event "Medellin de La Raza op"]
[Site "Medellin"]
[Date "2023.10.14"]
[Round "5"]
[White "Garavito, Miguel Angel"]
[Black "Negron Lizarazo, Juan Sebastian"]
[Result "1-0"]
[WhiteElo "2280"]
[BlackElo "1689"]
[PlyCount "69"]
[EventDate "2023.10.12"]
[EventType "swiss"]
[EventRounds "10"]
[EventCountry "COL"]
[SourceTitle "Mega2024 Update 01"]
[Source "Chessbase"]
[SourceDate "2023.11.12"]
[SourceVersion "1"]
[SourceVersionDate "2023.11.12"]
[SourceQuality "1"]

1. d4 Nf6 2. Nf3 g6 3. g3 Bg7 4. Bg2 c6 5. 0-0 d5 6. c4 0-0 7. b3 dxc4 8. bxc4 c5 9. e3 Nc6 10. Bb2 Bf5 11. d5 Na5 12. Na3 b6 13. Nd2 Bd3 14. Re1 Rb8 15. Be5 Rb7 16. Rc1 Ne8 17. Bxg7 Kxg7 18. e4 b5 19. cxb5 Nd6 20. Rxc5 Nxb5 21. Nb3 Nxa3 22. Nxa5 Rb1 23. Qd2 Qb6 24. Rcc1 Rb2 25. Qc3+ Kg8 26. Re3 Rxa2 27. Nc6 Re8 28. Qxd3 Qb2 29. Rf1 Nb5 30. Qb3 Qxb3 31. Rxb3 Nd6 32. Rbb1 e6 33. e5 Nc4 34. d6 Nd2 35. d7 1-0

[Event "Titled Tuesday intern op 26th Sep Late"]
[Site "Chess.com INT"]
[Date "2023.09.26"]
[Round "4"]
[White "Negron Lizarazo, Juan Sebastian"]
[Black "Polaczek, Richard"]
[Result "1/2-1/2"]
[WhiteElo "1645"]
[BlackElo "2302"]
[PlyCount "79"]
[EventDate "2023.09.26"]
[EventType "swiss (blitz)"]
[EventRounds "11"]
[EventCountry "USA"]
[SourceTitle "EXT 2024"]
[Source "ChessBase"]
[SourceDate "2023.10.10"]
[SourceVersion "1"]
[SourceVersionDate "2023.10.10"]
[SourceQuality "1"]

1. e4 Nf6 2. Nc3 d5 3. exd5 Nxd5 4. Bc4 Nb6 5. Bb3 Nc6 6. Nge2 g6 7. 0-0 Bg7 8. d3 0-0 9. Be3 Na5 10. d4 Nbc4 11. Bc1 b6 12. Qd3 Nxb3 13. axb3 Nd6 14. Bf4 Bb7 15. Nb5 Be4 16. Qe3 Bxc2 17. Bxd6 cxd6 18. Nxa7 Qd7 19. Rfc1 Rxa7 20. Rxa7 Qxa7 21. Rxc2 b5 22. g3 e5 23. Rd2 Ra8 24. Qd3 Qa1+ 25. Kg2 Qe1 26. Rd1 Qb4 27. dxe5 Bxe5 28. Nd4 Bxd4 29. Qxd4 Qxb3 30. Rd3 Qc2 31. Rd2 Qc1 32. Qxd6 Ra1 33. Qd8+ Kg7 34. Qd4+ Kh6 35. Qf4+ Kg7 36. Qe5+ Kh6 37. Qe3+ Kg7 38. Qd4+ Kh6 39. Qh4+ Kg7 40. Qd4+ 1/2-1/2

[Event "Titled Tuesday intern op 26th Sep Late"]
[Site "Chess.com INT"]
[Date "2023.09.26"]
[Round "1"]
[White "Negron Lizarazo, Juan Sebastian"]
[Black "Ronka, Erik"]
[Result "1-0"]
[WhiteElo "1645"]
[BlackElo "2297"]
[PlyCount "131"]
[EventDate "2023.09.26"]
[EventType "swiss (blitz)"]
[EventRounds "11"]
[EventCountry "USA"]
[SourceTitle "EXT 2024"]
[Source "ChessBase"]
[SourceDate "2023.10.10"]
[SourceVersion "1"]
[SourceVersionDate "2023.10.10"]
[SourceQuality "1"]

1. e4 c5 2. Nc3 e6 3. g3 Nc6 4. Bg2 g6 5. d3 Bg7 6. Be3 d6 7. Qd2 Rb8 8. Nf3 Nd4 9. 0-0 b5 10. Rab1 b4 11. Ne2 e5 12. c3 Nxf3+ 13. Bxf3 a5 14. Bg2 Ne7 15. Bh6 Kf8 16. Bxg7+ Kxg7 17. f4 f6 18. h3 Rf8 19. g4 Ba6 20. h4 a4 21. f5 gxf5 22. exf5 d5 23. g5 Kh8 24. g6 Ng8 25. h5 Qe7 26. Bxd5 Rbd8 27. Bxg8 Rxg8 28. Qh6 Rxd3 29. Rf2 Qg7 30. Qxg7+ Kxg7 31. Rg2 Rgd8 32. h6+ Kg8 33. cxb4 cxb4 34. Ng3 Rd2 35. Rxd2 Rxd2 36. Ne4 Rd7 37. Nxf6+ Kh8 38. Nxd7 hxg6 39. fxg6 Bd3 40. g7+ Kh7 41. Nf6+ Kxh6 42. g8Q Bxb1 43. Qh8+ Kg5 44. Qg7+ Kf5 45. Nd7 Kf4 46. Qxe5+ Kf3 47. Qe1 Be4 48. Qf2+ Kg4 49. Ne5+ Kg5 50. Qg3+ Kf5 51. Ng6 a3 52. bxa3 bxa3 53. Qf4+ Kxg6 54. Qxe4+ Kg5 55. Kg2 Kh5 56. Qf4 Kg6 57. Qe5 Kh6 58. Qf5 Kg7 59. Qe6 Kh7 60. Qf6 Kg8 61. Qe7 Kh8 62. Kg3 Kg8 63. Kg4 Kh8 64. Kg5 Kg8 65. Kg6 Kh8 66. Qg7# 1-0

[Event "Titled Tuesday intern op 26th Sep Late"]
[Site "Chess.com INT"]
[Date "2023.09.26"]
[Round "9"]
[White "Negron Lizarazo, Juan Sebastian"]
[Black "Shapiro, Daniel E"]
[Result "1-0"]
[WhiteElo "1645"]
[BlackElo "2284"]
[PlyCount "93"]
[EventDate "2023.09.26"]
[EventType "swiss (blitz)"]
[EventRounds "11"]
[EventCountry "USA"]
[SourceTitle "EXT 2024"]
[Source "ChessBase"]
[SourceDate "2023.10.10"]
[SourceVersion "1"]
[SourceVersionDate "2023.10.10"]
[SourceQuality "1"]

1. e4 c5 2. Nc3 Nc6 3. g3 g6 4. Bg2 Bg7 5. d3 d6 6. Be3 Nf6 7. h3 0-0 8. Qd2 Nd4 9. Nce2 Ne8 10. c3 Nxe2 11. Nxe2 Nc7 12. Bh6 d5 13. h4 dxe4 14. Bxe4 f5 15. h5 fxe4 16. Bxg7 Kxg7 17. hxg6 hxg6 18. Qh6+ Kf7 19. Qh7+ Ke6 20. Qxg6+ Rf6 21. Nf4+ Kd6 22. Qxe4 Bf5 23. Qe3 e5 24. Nh5 Rg6 25. 0-0-0 Qg5 26. f4 exf4 27. gxf4 Qe7 28. Qf3 Bg4 29. Qxb7 Bxd1 30. Rxd1 Re8 31. f5 Rg4 32. Qxa7 Nd5 33. Qb6+ Nxb6 34. f6 Qe3+ 35. Kb1 Rg2 36. f7 Qe1 37. f8Q+ Rxf8 38. Rxe1 Rff2 39. Re8 Rxb2+ 40. Kc1 Nd5 41. Rd8+ Kc6 42. Rc8+ Kd6 43. Rd8+ Kc6 44. Rc8+ Kb6 45. Rb8+ Kc6 46. Rxb2 Rg1+ 47. Kc2 1-0

[Event "Titled Tuesday intern op 26th Sep Late"]
[Site "Chess.com INT"]
[Date "2023.09.26"]
[Round "7"]
[White "Negron Lizarazo, Juan Sebastian"]
[Black "Ward, Ieuan C"]
[Result "1-0"]
[WhiteElo "1645"]
[BlackElo "2028"]
[PlyCount "91"]
[EventDate "2023.09.26"]
[EventType "swiss (blitz)"]
[EventRounds "11"]
[EventCountry "USA"]
[SourceTitle "EXT 2024"]
[Source "ChessBase"]
[SourceDate "2023.10.10"]
[SourceVersion "1"]
[SourceVersionDate "2023.10.10"]
[SourceQuality "1"]

1. e4 e6 2. d4 d5 3. e5 c5 4. c3 Nc6 5. Nf3 Qb6 6. a3 c4 7. Nbd2 Bd7 8. Rb1 Na5 9. h4 Nb3 10. Nxb3 Ba4 11. Nfd2 Rc8 12. Be2 Ne7 13. h5 Nc6 14. 0-0 Na5 15. Qe1 Bxb3 16. Bd1 Bxd1 17. Qxd1 h6 18. Qa4+ Rc6 19. b4 cxb3 20. Nxb3 Nxb3 21. Rxb3 Qc7 22. Qxa7 Be7 23. Rxb7 Qd8 24. Qa4 Qc8 25. Rb6 Kd7 26. Bd2 Qc7 27. Rfb1 Ra8 28. Qxa8 Rxb6 29. Qa4+ Kc8 30. Qe8+ Bd8 31. Rxb6 Qxb6 32. Qa4 Qb1+ 33. Kh2 Qd3 34. Qc6+ Bc7 35. Qe8+ Kb7 36. Be3 Qxc3 37. Qxf7 Qxa3 38. Qxe6 Qf8 39. Qxd5+ Kb8 40. Qf3 Qe7 41. Qh3 Qd8 42. Qg4 Qe7 43. Kh3 Bd8 44. f4 g5 45. f5 Qa3 46. Qg3 1-0

[Event "Titled Tuesday intern op 19th Sep Late"]
[Site "Chess.com INT"]
[Date "2023.09.19"]
[Round "6"]
[White "Gago Padreny, Ignacio"]
[Black "Negron Lizarazo, Juan Sebastian"]
[Result "1-0"]
[WhiteElo "2214"]
[BlackElo "1645"]
[PlyCount "73"]
[EventDate "2023.09.19"]
[EventType "swiss (blitz)"]
[EventRounds "11"]
[EventCountry "USA"]
[SourceTitle "EXT 2024"]
[Source "ChessBase"]
[SourceDate "2023.10.10"]
[SourceVersion "1"]
[SourceVersionDate "2023.10.10"]
[SourceQuality "1"]

1. e4 c5 2. Nf3 d6 3. d4 cxd4 4. Nxd4 Nf6 5. Nc3 a6 6. Be2 e5 7. Nb3 Be7 8. 0-0 0-0 9. Qd3 Be6 10. Nd5 Bxd5 11. exd5 Nbd7 12. c4 Rc8 13. Be3 e4 14. Qd2 Ne5 15. Rac1 Nfd7 16. Na5 b6 17. Nb3 f5 18. f4 Ng6 19. Nd4 Nc5 20. b4 Bf6 21. bxc5 Bxd4 22. Bxd4 bxc5 23. Be3 Rb8 24. Rb1 Qd7 25. Qa5 Qa7 26. Rb5 Qa8 27. Rb3 Rb7 28. Rfb1 Rfb8 29. g4 fxg4 30. Bxg4 Rxb3 31. Rxb3 Rxb3 32. Be6+ Kh8 33. axb3 Nf8 34. Qc7 Nxe6 35. dxe6 Qe8 36. Qf7 Qxf7 37. exf7 1-0

[Event "Titled Tuesday intern op 19th Sep Late"]
[Site "Chess.com INT"]
[Date "2023.09.19"]
[Round "4"]
[White "Musasizi, Emmanuel"]
[Black "Negron Lizarazo, Juan Sebastian"]
[Result "1-0"]
[WhiteElo "2010"]
[BlackElo "1645"]
[PlyCount "73"]
[EventDate "2023.09.19"]
[EventType "swiss (blitz)"]
[EventRounds "11"]
[EventCountry "USA"]
[SourceTitle "EXT 2024"]
[Source "ChessBase"]
[SourceDate "2023.10.10"]
[SourceVersion "1"]
[SourceVersionDate "2023.10.10"]
[SourceQuality "1"]

1. e4 c5 2. Nf3 d6 3. d3 Nc6 4. g3 Nf6 5. Bg2 e6 6. 0-0 Be7 7. Re1 0-0 8. Nbd2 d5 9. Nf1 dxe4 10. Ng5 exd3 11. cxd3 Nd5 12. Ne4 b6 13. a3 Bb7 14. Ne3 Nxe3 15. Bxe3 Rb8 16. Qb3 Nd4 17. Bxd4 Qxd4 18. Rad1 Rfd8 19. h4 Rd7 20. a4 Bd5 21. Qc2 Rc8 22. b3 Qb4 23. Rb1 a6 24. Rec1 b5 25. axb5 axb5 26. Kh2 h6 27. Bh3 Rdc7 28. f4 Bxe4 29. dxe4 c4 30. bxc4 Qxc4 31. Qd2 Qxe4 32. Bg2 Rxc1 33. Bxe4 Rxb1 34. Bxb1 b4 35. Qd7 Rc1 36. Qd3 Bf6 37. g4 1-0